MARC

LEADER 00000nam0a2200000 4500
001 350458
005 20231102010314.0
035 |a (RuTPU)RU\TPU\retro\4576 
090 |a 350458 
100 |a 20190205d1938 m y0rusy50 ca 
101 0 |a rus 
102 |a RU 
105 |a a j 000zy 
200 1 |a Электрическое оборудование центральных станций  |e учебник для втузов  |f Н. И. Сушкин 
210 |a Москва  |a Ленинград  |c ОНТИ  |c Главная редакция энергетической литературы  |d 1938 
215 |a 344 с.  |c ил. 
316 |5 63413507: КР-5882  |a На форзаце владельческая подпись: "А. Воробьев" 
317 |5 63413507: КР-5882  |a Поступил в НТБ в 1987 г. в дар от вдовы ученого Е. К. Завадовской 
606 1 |a Электрические станции  |x Электрооборудование  |2 stltpush  |3 (RuTPU)RU\TPU\subj\27642  |9 51365 
610 1 |a центральные электростанции 
610 1 |a мощность 
610 1 |a напряжение 
610 1 |a электрическое оборудование 
610 1 |a трехфазный ток 
610 1 |a низкое напряжение 
610 1 |a высокое напряжение 
610 1 |a токи короткого замыкания 
610 1 |a ограничение 
610 1 |a собственные нужды 
610 1 |a обслуживание 
610 1 |a перенапряжения 
610 1 |a защита от перенапряжений 
610 1 |a выключение 
610 1 |a измерение 
610 1 |a релейная защита 
610 1 |a распределительные устройства 
610 1 |a конструкции 
610 1 |a щиты управления 
610 1 |a заземляющие устройства 
610 1 |a учебники 
610 1 |a библиотека А. А. Воробьева 
610 1 |a дары библиотеке 
610 1 |a владельческая надпись 
675 |a 621.311.2.002.5-83(075.8)  |v 4 
700 1 |a Сушкин  |b Н. И. 
801 1 |a RU  |b 63413507  |c 20190205 
801 2 |a RU  |b 63413507  |c 20200213  |g RCR 
942 |c BK